A Marcus Tullius Ciceronak. Négy könyvei Mellyek Sturmius Jakab által öszve szedegettettenek. Most pedig á tánulo iffjaknak kedvekért, Magyar nyelvre fordéttattanak Balog György által

Bibliographic Details
Main Author: Cicero, Marcus Tullius, 106 pred Kr.-43 pred Kr (Author)
Other Authors: Brewer, Samuel, 1645-1699 (Printer), Sturm, Johannes, 1507-1589 (Author of introduction, etc.), Sturm, Jacob (Editor), Balog, György (Translator, Dedicator)
Format: Book
Language:Hungarian
Latin
PhysicalDescription:A8-K8, 80 listov 16 cm
Subjects:

MARC

LEADER 00000cam a2200000 4500
001 vtls008869339
003 SK-MaSNL
005 20260301141022.0
008 251112s1694 xo a f 01 01 hun
015 |a SNBHFA 
035 |a cpl000130123 
040 |a SNK  |b slo  |c SNK  |e rda 
041 1 |a hun  |h lat 
044 |a xo  |c SK 
072 7 |a 821.09  |x Literatúra v rôznych jazykoch (o nej)  |2 konspekt 
072 7 |a 821  |x Literatúry v rôznych jazykoch  |2 konspekt 
080 |a 821(37/38)  |2 2001 
100 1 |a Cicero, Marcus Tullius,  |d 106 pred Kr.-43 pred Kr.  |4 aut  |9 53145 
245 1 0 |a A Marcus Tullius Ciceronak. Négy könyvei  |b Mellyek Sturmius Jakab által öszve szedegettettenek. Most pedig á tánulo iffjaknak kedvekért, Magyar nyelvre fordéttattanak Balog György által 
264 3 |a Lötsén  |b [S. Brewer]  |c MDCXCIV (1694) 
300 |a A8-K8, 80 listov  |c 16 cm 
336 |a text  |b txt  |2 rdacontent 
337 |a bez média  |b n  |2 rdamedia 
338 |a zväzok  |b nc  |2 rdacarrier 
500 |a Vinety, linky, verzály, kustody 
508 |a Prekladateľ venuje túto svoju prvotinu svojim žiakom: Leopoldovi Reichenhallerovi, Jánovi Ondrejovi Preiningovi, Šebastiánovi Ferdinandovi Dobnerovi, Michalovi Virthovi, Jánovi Vilhelmovi Artnerovi, Teofilovi Fridlovi, Jurajovi Kramerovi, Leopoldovi Pamerovi, Abrahamovi Täräkovi, Jánovi Vilhelmovi Törökovi, Jurajovi Kristiánovi Törökovi, Abrahamovi Kellerovi, Gabrielovi Kisfaludimu, Emerichovi Kisfaludimu, Matejovi Ungerovi, Matejovi Hakstokovi, SamueIovi Liebeczeitovi, Reichardovi Dobnerovi, Žigmundovi Petriczovi, Leopoldovi Pauerovi, Konrádovi Volmu:thovi, Jánovi Pochovi, Jonášovi Kecskésovi, Teofilovi Rannerovi, Jurajovi Harlanderovi, Samuelovi Hueberovi, Ondrejovi Czaunerovi, Ondrejovi Gilligovi, Jánovi Mannovi, Abrahamovi Komáromymu, Martinovi Csaykovi, Melchiorovi Kabothymu, Tobiášovi Engelovi, Michalovi Márovi a Leopoldovi Ernstovi 
510 4 |a Čaplovič  |c I/1553 
546 |a Latinský text  |b Antikva  |b Kurzíva 
546 |a Maďarský text  |b Antikva  |b Kurzíva 
550 |a Tlačiar uvedený podľa bibliografie 
561 |a Rukopisný provenienčný záznam na titulnom liste: Bibliothecae Podolinesis Schol. Piar. 1826.  |5 SNK SD 14263 
562 |a Rukopisné poznámky.  |5 SNK SD 14263 D1 
563 |a Väzba: lepenková, chrbát a rohy tmavohnedá hladká koža.  |5 SNK SD 14263 
563 |a Väzba: lepenková, chrbát a rohy bledohnedá hladká koža.  |5 SNK SD 14263 D1 
650 0 7 |a antická literatúra  |2 SNKPH  |9 92203 
700 1 |a Brewer, Samuel,  |d 1645-1699  |4 prt  |9 160319 
700 1 |a Reichenhaller, Leopold  |4 hnr  |9 494438 
700 1 |a Preining, Ján Ondrej  |4 hnr  |9 494439 
700 1 |a Dobner, Šebastián Ferdinand  |4 hnr  |9 494440 
700 1 |a Virth, Michal  |4 hnr  |9 494441 
700 1 |a Artner, Ján Wilhelm  |4 hnr  |9 494442 
700 1 |a Fridl, Teofil  |4 hnr  |9 494443 
700 1 |a Kramer, Juraj  |4 hnr  |9 494444 
700 1 |a Pamer, Leopold  |4 hnr  |9 494445 
700 1 |a Törók, Abraham  |4 hnr  |9 494446 
700 1 |a Török, Ján Wilhelm  |4 hnr  |9 494447 
700 1 |a Török, Juraj Kristián  |4 hnr  |9 494448 
700 1 |a Keller, Abrahám  |4 hnr  |9 494449 
700 1 |a Kisfaludi, Gabriel  |4 hnr  |9 494450 
700 1 |a Kisfaludi, Imrich  |4 hnr  |9 494451 
700 1 |a Unger, Matej  |4 hnr  |9 494452 
700 1 |a Hakstok, Matej  |4 hnr  |9 494453 
700 1 |a Liebeczeit, Samuel  |4 hnr  |9 494454 
700 1 |a Dobner, Richard  |4 hnr  |9 494455 
700 1 |a Petricz, Žigmund  |4 hnr  |9 494456 
700 1 |a Pauer, Leopold  |4 hnr  |9 494457 
700 1 |a Volmuth, Konrad  |4 hnr  |9 494458 
700 1 |a Poch, Ján  |4 hnr  |9 494459 
700 1 |a Kecskés, Jonáš  |4 hnr  |9 494460 
700 1 |a Ranner, Teofil  |4 hnr  |9 494461 
700 1 |a Harlander, Juraj  |4 hnr  |9 494462 
700 1 |a Heuber, Samuel  |4 hnr  |9 494463 
700 1 |a Czauner, Onderj  |4 hnr  |9 494464 
700 1 |a Gillig, Ondrej  |4 hnr  |9 494465 
700 1 |a Mann, Ján  |4 hnr  |9 494466 
700 1 |a Komáromy, Abrahám  |4 hnr  |9 494467 
700 1 |a Csayk, Martin  |4 hnr  |9 494468 
700 1 |a Kabothy, Melchior  |4 hnr  |9 494469 
700 1 |a Engel, Tobiáš  |4 hnr  |9 494470 
700 1 |a Már, Michal  |4 hnr  |9 494471 
700 1 |a Már, Leopold Ernest  |4 hnr  |9 494472 
700 1 |a Sturm, Johannes,  |d 1507-1589  |4 aui  |9 167679 
700 1 |a Sturm, Jacob  |4 hnr  |4 edt  |9 494473 
700 1 |a Balog, György  |4 trl  |4 dto  |9 494474 
710 2 |a Piaristi (Podolínec, Slovensko)  |4 fmo  |9 312357 
752 |a Slovensko  |d Levoča 
852 |a snk  |p SD 14263 ; SD 14263 D1 
958 |a ONDV 
958 |a DC 
999 |c 765749  |d 767679 
952 |a SNK  |b SNK  |y PREZ  |7 0  |p 17A1484344  |o snkSD 14263 D1  |i snkF 2706/68  |8 5  |0 0  |1 0  |4 0  |d 2022-09-21  |l 0  |r 2026-02-24 00:18:25  |w 2026-02-24 
952 |a SNK  |b SNK  |y PREZ  |7 0  |p 17A1484343  |o snkSD 14263  |i snk9533/57  |0 0  |1 0  |4 0  |d 2009-03-11  |f 1  |l 0  |r 2025-11-27 00:00:00  |w 2026-02-24